Normal view
MARC view
- Necoechea Gracia, Gerardo
Entry Nombre Personal
001 - NUMERO DE CONTROL
- campo de control: 47817
003 - IDENTIFICADOR DE NUMERO DE CONTROL
- campo de control: DLC
005 - FECHA Y HORA DE LA ÜLTIMA TRANSACCIÓN
- campo de control: 20230301083857.0
008 - DATOS DE LONGITUD FIJA
- campo de control de longitud fija: 070108n| acannaabn |a aaa c
010 ## - NÚMERO DE CONTROL DE LA BIBLIOTECA DEL CONGRESO
- Número de control LC: no2007001869
035 ## - NUMERO DE CONTROL
- Número de control: (OCoLC)oca07292387
040 ## - FUENTE DE CATALOGACIÓN
- Agencia original de catalogación: TNJ
- Lenguaje de catalogación: spa
- Agencia de transcripción: TNJ
- Agencia que lo modifica: MX-MxUPN
100 1# - ENCABEZAMIENTO - NOMBRE PERSONAL
- Nombre personal: Necoechea Gracia, Gerardo
400 1# - VEÁSE - NOMBRE DE PERSONA
- Personal name: Gracia, Gerardo Necoechea
670 ## - FUENTE EN LA QUE SE LOCALIZARON DATOS
- Cita de la fuente: Después de vivir un siglo, 2005:
- Información localizada: portada (Gerardo Necoechea Gracia)
902 ## - CATALOGADOR
- Catalogador: NDAF/010323
